Statistics for 10 Most Populous Cities By Country #1

Click here to take the quiz!

General Stats

  • This quiz has been taken 151 times
  • The average score is 35 of 50

Answer Stats

CountryPopulationCity% Correct
United States4,057,841Los Angeles
99%
United States8,601,186New York City
99%
United States2,679,044Chicago
97%
Germany3,520,031Berlin
96%
United States1,379,735Dallas
95%
Brazil6,718,903Rio De Janeiro
95%
China20,381,745Beijing
94%
Germany1,450,381Munich
93%
Brazil12,252,023Sao Paulo
93%
Germany1,787,408Hamburg
92%
United States2,359,480Houston
92%
China26,917,322Shanghai
92%
Brazil3,015,268Brasilia
91%
Nigeria8,048,430Lagos
90%
Germany732,688Frankfurt am Main
87%
China13,238,590Guangzhou
87%
United States1,576,596Philadelphia
86%
United States1,453,775San Diego
84%
United States1,711,356Phoenix
79%
Nigeria776,298Abuja
78%
Germany1,060,582Cologne
78%
Germany612,178Dusseldorf
78%
Germany623,738Stuttgart
77%
China8,346,205Wuhan
76%
Brazil2,512,070Belo Horizonte
75%
China7,948,032Xi'an
72%
United States1,565,929San Antonio
71%
Brazil2,182,763Manaus
69%
China12,313,714Shenzhen
66%
Brazil2,669,342Fortaleza
65%
Nigeria2,828,861Kano
65%
Brazil1,645,727Recife
64%
Brazil2,872,347Salvador
64%
China13,552,359Tianjin
64%
China9,104,865Chengdu
63%
Germany560,472Leipzig
62%
Germany586,181Dortmund
60%
Germany582,624Essen
58%
United States1,033,519San Jose
58%
China15,773,658Chongqing
56%
Brazil1,933,105Curitiba
52%
China8,789,855Nanjing
49%
Nigeria2,559,853Ibadan
48%
Nigeria1,147,188Benin City
41%
Nigeria1,005,904Port Harcourt
38%
Brazil1,516,113Goiania
21%
Nigeria760,084Kaduna
16%
Nigeria821,618Jos
12%
Nigeria722,664Enugu
10%
Nigeria777,667Ilorin
8%

Score Distribution

Percentile by Number Answered

Percent of People with Each Score

Your Score History

You have not taken this quiz